[Event "HUN-chT2 Erkel 1516"]
[Site "Hungary"]
[Date "2015.10.18"]
[Round "3.6"]
[White "Lengyel, Laszlo"]
[Black "David, Mate"]
[Result "1-0"]
[WhiteElo "2045"]
[BlackElo "1939"]
[PlyCount "97"]
[EventDate "2015.09.13"]
[EventType "team-tourn"]
[EventRounds "11"]
[EventCountry "HUN"]
[SourceTitle "CBM 170 Extra"]
[Source "ChessBase"]
[SourceDate "2016.02.25"]
[SourceVersion "1"]
[SourceVersionDate "2016.02.25"]
[SourceQuality "1"]
[WhiteTeam "Paszto"]
[BlackTeam "Salgotarjan"]
[WhiteTeamCountry "HUN"]
[BlackTeamCountry "HUN"]

1. c4 e5 2. Nc3 Nf6 3. g3 Bc5 4. Bg2 0-0 5. e3 c6 6. Qb3 d6 7. Nge2 Re8 8. 0-0 Qb6 9. Qc2 Be6 10. Na4 Qc7 11. a3 Nbd7 12. d4 exd4 13. exd4 b5 14. cxb5 Bb6 15. Qxc6 Rac8 16. Nxb6 Qxb6 17. Qxb6 Nxb6 18. Nc3 Bc4 19. Bc6 Re7 20. Rd1 Bb3 21. Rf1 Bc4 22. Bg5 Bxf1 23. Kxf1 Re6 24. d5 Re5 25. Bf4 Rh5 26. Rd1 Nc4 27. b3 Ne5 28. Kg2 Nfd7 29. h3 f5 30. Be3 Rc7 31. a4 Kf7 32. f4 Ng6 33. a5 Ne7 34. b4 Nc8 35. Na4 Nb8 36. Rc1 Re7 37. Bf2 Re4 38. Rb1 g5 39. Bb7 gxf4 40. Bxc8 fxg3 41. Be6+ Ke7 42. Bxa7 f4 43. Kf3 Rhe5 44. Nc3 Rc4 45. Ne2 Kf6 46. Bd4 Rxd4 47. Nxd4 Kg5 48. h4+ Kxh4 49. Kxf4 1-0

[Event "HUN-chT U18"]
[Site "Miskolc"]
[Date "2008.10.29"]
[Round "5.14"]
[White "Halak, Miklos"]
[Black "David, Mate"]
[Result "1/2-1/2"]
[WhiteElo "1939"]
[BlackElo "1951"]
[PlyCount "53"]
[EventDate "2008.10.27"]
[EventType "team-swiss"]
[EventRounds "8"]
[EventCountry "HUN"]
[SourceTitle "EXT 2016"]
[Source "ChessBase"]
[SourceDate "2015.10.08"]
[SourceVersion "1"]
[SourceVersionDate "2015.10.08"]
[SourceQuality "1"]

1. e4 e5 2. Nf3 Nc6 3. Bb5 a6 4. Ba4 Nf6 5. 0-0 b5 6. Bb3 Be7 7. Re1 0-0 8. c3 Bb7 9. d4 d6 10. Bc2 Re8 11. Be3 exd4 12. cxd4 Nb4 13. d5 c6 14. dxc6 Bxc6 15. Nbd2 Nxc2 16. Qxc2 Rc8 17. Qd3 d5 18. exd5 Nxd5 19. Nd4 Nb4 20. Qe2 Bb7 21. a3 Nc2 22. Nxc2 Rxc2 23. b4 Bf6 24. Rad1 Bc3 25. Nf1 Rxe2 26. Rxd8 Rxd8 27. Rxe2 1/2-1/2

[Event "HUN-chT2 Erkel 0607"]
[Site "Hungary"]
[Date "2006.12.03"]
[Round "3"]
[White "David, Mate"]
[Black "Rozsa, Zoltan"]
[Result "0-1"]
[WhiteElo "1979"]
[BlackElo "1937"]
[PlyCount "96"]
[EventDate "2006.11.12"]
[EventType "team"]
[EventRounds "11"]
[EventCountry "HUN"]
[SourceTitle "EXT 2008"]
[Source "ChessBase"]
[SourceDate "2007.11.25"]
[SourceVersion "1"]
[SourceVersionDate "2007.11.25"]
[SourceQuality "1"]
[WhiteTeam "Vasarteri"]
[BlackTeam "Vaci"]
[WhiteTeamCountry "HUN"]
[BlackTeamCountry "HUN"]

1. e4 Nf6 2. e5 Nd5 3. d4 d6 4. Nf3 Bg4 5. Bc4 e6 6. h3 Bh5 7. Bxd5 exd5 8. Qe2 Bxf3 9. Qxf3 dxe5 10. dxe5 Bc5 11. 0-0 c6 12. Qc3 Qb6 13. Nd2 Nd7 14. Nb3 0-0 15. Nxc5 Qxc5 16. Qxc5 Nxc5 17. Be3 Nd7 18. f4 Rfe8 19. Rfe1 f6 20. Bd4 Kf7 21. Re2 fxe5 22. fxe5 Re6 23. Rf1+ Ke7 24. Ref2 Rg6 25. e6 Nf6 26. Re2 b6 27. Re5 Rf8 28. b3 h6 29. c4 dxc4 30. bxc4 Nh7 31. Rd1 Rd8 32. Re3 c5 33. Rf1 cxd4 34. Rf7+ Ke8 35. e7 dxe3 36. exd8Q+ Kxd8 37. Rxa7 Re6 38. Kf1 e2+ 39. Ke1 Re7 40. Ra3 Nf6 41. Rd3+ Kc7 42. a4 Kc6 43. Rb3 Nd7 44. g4 Nc5 45. Ra3 g5 46. Rf3 Re6 47. Ra3 Kb7 48. Rf3 Ka6 0-1